000 00224 a2200097 4500
001 7561
100 _aBrade- Birks, A S
245 _aEncyclopedia of General Knowledge
260 _a
_bEng University
_c
090 _c6054
_d6054
942 _aNUST-CAE
_cM
_c32550
999 _c242634
_d242634